00403nam a2200145Ia 4500100001000000942000700010654001900017245004300036260003300079082001500112300000800127546001200135999001700147952009300164 aCEDT  cBK aThe intel 8085 aThe Intel 8085/ A Family Data Manual bIndian institute of Science a4.16bCEDT a239 aENGLISH c28707d28707 001040708CRCaCRCEbCRCEd2023-03-17l0o4.16 CEDTp11636r2023-03-17w2023-03-17yBK